| 000 | 00553cam a2200145 4500500 | ||
|---|---|---|---|
| 005 | 20260329020408.0 | ||
| 041 | _afre | ||
| 042 | _adc | ||
| 100 | 1 | 0 |
_aBarberis, Pierre _eauthor |
| 700 | 1 | 0 |
_aBirat, Jean-Pierre _eauthor |
| 700 | 1 | 0 |
_aChampion, Yannick _eauthor |
| 245 | 0 | 0 | _aDonnées physico-chimiques sur les métaux et alliages |
| 260 |
_bTechniques de l'ingénieur,
_c2025. |
||
| 856 | 4 | 1 | _uhttps://stm.cairn.info/techniques-de-l-ingenieur-donnees-physico-chimiques-sur-les-metaux-et-alliages--42530210?lang=fr&redirect-ssocas=7080 |
| 999 |
_c1905861 _d1905861 |
||